000 00713nam a2200181Ia 4500
008 100920s9999 xx 000 0 und d
082 _b101427
_a520 न 06
100 _aनगर्सेकर सुरेश.
245 _aमुळापासुन नष्ट करा ही मुळव्याध.
260 _bमनोरमा प्रकाशन., मुंबई.
_c2006
300 _a127
_bसाधी
365 _b50
520 _aशाअ.
630 _aमुळापासुन नष्ट करा ही मुळव्याध.
650 _aशाअ.
730 _aमुळापासुन नष्ट करा ही मुळव्याध.
942 _cBOOK
999 _c741864
_d741861